000 00459nam a2200157Ia 4500
008 151213s9999 xx 000 0 und d
100 _aBrian W.Kernighan & Dennis M. Ritchie
245 _aThe C. Progamming Language
_cBrian W.Kernighan & Dennis M. Ritchie
250 _a2nd
260 _aNew Delhi
_bPrentice Hall
_c2005
300 _a2159 p.
650 _aComputer
650 _aComputer
700 _aBrian W.Kernighan & Dennis M. Ritchie
999 _c1583
_d1583